[Event "37th Greek Teams"]
[Site "Kallithea GRE"]
[Date "2009.07.05"]
[Round "3"]
[White "Papadopoulos,N"]
[Black "Kritsikis,Evag"]
[Result "1-0"]
[WhiteElo "2107"]
[BlackElo "2038"]
[EventDate "2009.07.03"]

1. c4 Nc6 2. Nc3 e5 3. g3 f5 4. Bg2 Nf6 5. d3 Bc5 6. e3 O-O 7. Nge2 d6 8.
O-O a5 9. Nd5 Ne7 10. Nxf6+ Rxf6 11. d4 exd4 12. exd4 Bb6 13. Re1 h6 14.
Nf4 c6 15. d5 cxd5 16. Nxd5 Nxd5 17. Qxd5+ Kh7 18. Be3 Bxe3 19. Rxe3 a4 20.
Rae1 Ra5 21. Qd4 Rf7 22. Re8 Qc7 23. Bd5 Rxd5 24. Qxd5 b6 25. Rxc8 1-0

[Event "37th Greek Teams"]
[Site "Kallithea GRE"]
[Date "2009.07.05"]
[Round "3"]
[White "Kelesiadis,G"]
[Black "Papadimitriou,A"]
[Result "0-1"]
[WhiteElo "2061"]
[BlackElo "2081"]
[EventDate "2009.07.03"]

1. c4 c6 2. Nf3 g6 3. g3 Bg7 4. Bg2 Nf6 5. O-O O-O 6. d4 d5 7. cxd5 Nxd5 8.
e4 Nb6 9. Nc3 Bg4 10. Be3 Nc4 11. Qb3 Nxe3 12. fxe3 Qb6 13. Qxb6 axb6 14.
e5 Na6 15. a3 b5 16. h3 Be6 17. e4 b4 18. Na4 b5 19. Nb6 Rab8 20. d5 Bxh3
21. Bxh3 Rxb6 22. Rad1 bxa3 23. bxa3 Nc5 24. Rc1 Bh6 25. Rc3 cxd5 26. exd5
Rd8 27. Rd1 e6 28. d6 Ne4 29. Rc7 Nxg3 30. Kg2 Ne2 31. Kf2 Nf4 32. Bg4 Nd5
33. Rxd5 exd5 34. Nd4 Bg7 35. Nc6 Rxc6 36. Rxc6 Bxe5 37. d7 Kf8 38. Be2
Rxd7 39. Bxb5 Rc7 40. Ra6 Ra7 41. Ke3 Rxa6 42. Bxa6 Ke7 43. Bb5 f5 44. a4
Bc7 45. Bc6 Kd6 46. Be8 Ke5 47. Bc6 g5 48. Be8 g4 49. Bh5 Bb6+ 50. Kd3 Kf4
51. Bf7 Kg3 52. Bxd5 Kh2 53. Ke2 g3 54. Kf1 h5 55. Be6 g2+ 0-1

[Event "37th Greek Teams"]
[Site "Kallithea GRE"]
[Date "2009.07.05"]
[Round "3"]
[White "Paganoglou,A"]
[Black "Dimitriadi,A"]
[Result "1-0"]
[WhiteElo "1935"]
[BlackElo "1895"]
[EventDate "2009.07.03"]

1. e4 c6 2. d4 d5 3. Nc3 dxe4 4. Nxe4 Bf5 5. Ng3 Bg6 6. h4 h6 7. Nf3 Nd7 8.
h5 Bh7 9. Bd3 Bxd3 10. Qxd3 Qc7 11. Bd2 e6 12. O-O-O Ngf6 13. c4 O-O-O 14.
Ne4 Nc5 15. Nxc5 Bxc5 16. Be3 Rhe8 17. Qb3 Bf8 18. Kb1 Kb8 19. Ne5 c5 20.
Rh4 Bd6 21. Nd3 cxd4 22. Rxd4 e5 23. Rh4 e4 24. c5 exd3 25. cxd6 Qc2+ 26.
Qxc2 dxc2+ 27. Kxc2 Rc8+ 28. Kb3 Nd7 29. Rg4 Re5 30. a4 Rxh5 31. Rxg7 Rf5
32. Rh7 b5 33. a5 a6 34. Rxh6 b4 35. Rh4 Rxa5 36. Rxb4+ Ka8 37. Bb6 Rf5 38.
Ra1 a5 39. Rxa5+ Rxa5 40. Bxa5 Rc6 41. Ra4 Kb7 42. Bb4 1-0

[Event "37th Greek Teams"]
[Site "Kallithea GRE"]
[Date "2009.07.05"]
[Round "3"]
[White "Lalaouni,K"]
[Black "Vafiadou,A"]
[Result "1/2-1/2"]
[WhiteElo "1595"]
[BlackElo "1588"]
[EventDate "2009.07.03"]

1. e4 Nf6 2. e5 Nd5 3. d4 d6 4. f4 dxe5 5. fxe5 Nc6 6. Bb5 Bd7 7. Nf3 Bg4
8. O-O a6 9. Be2 f6 10. exf6 Nxf6 11. c3 Bxf3 12. Bxf3 Qd7 13. Bf4 e6 14.
Nd2 Bd6 15. Bxc6 Qxc6 16. Qe2 Bxf4 17. Rxf4 O-O-O 18. Nc4 Rhe8 19. Ne5 Qb6
20. Re1 Kb8 21. Nc4 Qc6 22. Rf3 Re7 23. Re3 Rde8 24. Ne5 Qd6 25. Nd3 Nd7
26. g3 Kc8 27. Ne5 Nf6 28. Rd3 Kb8 29. Re3 Kc8 30. Nd3 Nd7 31. Ne5 Nf6 32.
Nd3 1/2-1/2

[Event "37th Greek Teams"]
[Site "Kallithea GRE"]
[Date "2009.07.05"]
[Round "3"]
[White "Sevastopoulos,V"]
[Black "Tolias,A"]
[Result "1-0"]
[WhiteElo "2062"]
[BlackElo "1740"]
[EventDate "2009.07.03"]

1. d4 d5 2. c4 e6 3. Nf3 Nf6 4. g3 c6 5. Qc2 Bb4+ 6. Nbd2 O-O 7. Bg2 Nbd7
8. O-O Re8 9. a3 Be7 10. b3 Nf8 11. Bb2 Ng6 12. Rad1 Qc7 13. e4 dxe4 14.
Nxe4 Nxe4 15. Qxe4 Bf6 16. h4 Rd8 17. h5 Nf8 18. Ne5 Nd7 19. Ng4 Re8 20. h6
g6 21. Nxf6+ Nxf6 22. Qf3 Nd7 23. Rfe1 Rd8 24. d5 cxd5 25. cxd5 exd5 26.
Re7 1-0

[Event "37th Greek Teams"]
[Site "Kallithea GRE"]
[Date "2009.07.05"]
[Round "3"]
[White "Pappelis,D"]
[Black "Konstantinidis,K"]
[Result "1-0"]
[WhiteElo "1997"]
[BlackElo "1930"]
[EventDate "2009.07.03"]

1. e4 d6 2. Nc3 Nf6 3. f4 g6 4. Nf3 Bg7 5. Be2 O-O 6. O-O c5 7. d3 Nc6 8.
Qe1 d5 9. Qh4 d4 10. Nb1 e5 11. Na3 Ng4 12. Ng5 Nf6 13. fxe5 Nxe5 14. Rxf6
h6 15. Rf2 Be6 16. Qg3 hxg5 17. Bxg5 f6 18. Bf4 Bf7 19. Nc4 Nxc4 20. dxc4
Qb6 21. b3 Rfe8 22. Bd3 Qc6 23. Raf1 Re7 24. h4 b6 25. h5 g5 26. Bxg5 fxg5
27. Qxg5 Re5 28. Rf5 Rae8 29. h6 Qxh6 30. Qxh6 Bxh6 31. Rxf7 Be3+ 32. Kh2
Rh5+ 33. Kg3 Rg5+ 34. Kh3 Rh5+ 35. Kg3 Rg5+ 36. Kh4 Rxg2 37. e5 Rg7 38. e6
Bg5+ 39. Kh5 Be7 40. Rxg7+ Kxg7 41. Rf7+ Kh8 42. Bg6 Kg8 43. Kh6 Bf8+ 44.
Rxf8+ Kxf8 45. Bxe8 Kxe8 46. Kg5 Ke7 47. Kf5 Ke8 48. Ke5 Ke7 49. Kd5 Ke8
50. Kc6 Ke7 51. Kb7 1-0

[Event "37th Greek Teams"]
[Site "Kallithea GRE"]
[Date "2009.07.05"]
[Round "3"]
[White "Palaskos,A"]
[Black "Gkikas,H"]
[Result "1-0"]
[WhiteElo "1759"]
[BlackElo "1865"]
[EventDate "2009.07.03"]

1. e4 c6 2. d4 d5 3. exd5 cxd5 4. Bd3 Nc6 5. c3 Nf6 6. Bf4 Bg4 7. Qb3 Qd7
8. Nd2 e6 9. Ngf3 a6 10. O-O Be7 11. h3 Bxf3 12. Nxf3 O-O 13. Rfe1 Bd6 14.
Bxd6 Qxd6 15. Qc2 Rac8 16. Qd2 Ne7 17. Ne5 Ng6 18. f4 Qe7 19. f5 Nxe5 20.
Rxe5 Nd7 21. Re2 Qd6 22. fxe6 fxe6 23. Rae1 Rf6 24. Qg5 Rcf8 25. Qg4 Qb6
26. Rxe6 Qxb2 27. Re7 R6f7 28. Qxd7 Rxe7 29. Qxe7 Qxc3 30. Qe3 Qb2 31. Qe6+
Kh8 32. Qe3 Qxa2 33. Re2 Qa1+ 34. Kh2 Qa3 35. Rd2 Qd6+ 36. Qg3 Qb4 37. Qh4
h6 38. Re2 Qd6+ 39. Qg3 Qf6 40. Re5 Rd8 41. Qg4 Kg8 42. Re6 Qf7 43. Rxh6
Qc7+ 44. g3 Qf7 45. Rh8+ Kxh8 46. Qh4+ Kg8 47. Qxd8+ Qf8 48. Bh7+ Kf7 49.
Bg6+ 1-0

[Event "37th Greek Teams"]
[Site "Kallithea GRE"]
[Date "2009.07.05"]
[Round "3"]
[White "Panagos,T"]
[Black "Papavlasopoulos,D"]
[Result "1-0"]
[WhiteElo "1560"]
[BlackElo "1426"]
[EventDate "2009.07.03"]

1. e4 c5 2. Nf3 e6 3. d4 cxd4 4. Nxd4 a6 5. Bd3 Qc7 6. O-O Nc6 7. Nxc6 bxc6
8. Qe2 d5 9. exd5 cxd5 10. c4 dxc4 11. Bxc4 Bc5 12. Nd2 Nf6 13. Nb3 Bd6 14.
h3 Bb7 15. Nd4 O-O 16. Rd1 Rfd8 17. Bg5 Bc5 18. Bxf6 gxf6 19. Nxe6 Rxd1+
20. Rxd1 Qg3 21. Bd5 Qxf2+ 22. Qxf2 Bxf2+ 23. Kxf2 Bxd5 24. Nc7 Rb8 25.
Nxd5 Rxb2+ 26. Kg3 Rxa2 27. Nxf6+ Kg7 28. Ne8+ Kg6 29. Rd6+ Kf5 30. Rf6+
Ke4 31. Rxf7 Ra3+ 32. Kh2 h5 33. Nf6+ Kf5 34. Ne8+ Kg6 35. Rf6+ Kg5 36. h4+
Kxh4 37. Rg6 Ra2 38. Ng7 Rf2 39. Kg1 Rf7 40. g3+ Kh3 41. Nxh5 Rd7 42. Nf4+
1-0

[Event "37th Greek Teams"]
[Site "Kallithea GRE"]
[Date "2009.07.05"]
[Round "3"]
[White "Nevednichy,V"]
[Black "Moradiabadi,E"]
[Result "1-0"]
[WhiteElo "2570"]
[BlackElo "2542"]
[EventDate "2009.07.03"]

1. e4 e5 2. Nf3 Nc6 3. Bc4 Bc5 4. c3 Nf6 5. d3 a6 6. Bb3 Ba7 7. h3 h6 8.
Nbd2 d6 9. Nf1 O-O 10. Ng3 Be6 11. Nh2 d5 12. Qf3 dxe4 13. dxe4 Na5 14. Bc2
Nh7 15. Nf5 Nc4 16. Qg3 Bxf5 17. exf5 Kh8 18. O-O Qe7 19. Re1 Rfe8 20. Nf3
Qf6 21. Re4 Qxf5 22. Nh4 Qe6 23. Qd3 Nxb2 24. Bxb2 Ng5 25. Re2 e4 26. Qg3
Rad8 27. Rae1 c6 28. Bc1 Qf6 29. Bf4 Re6 30. Bb3 Re7 31. Bxg5 hxg5 32. Nf3
exf3 33. Rxe7 Rd2 34. Re8+ Kh7 35. Rf1 1-0

[Event "37th Greek Teams"]
[Site "Kallithea GRE"]
[Date "2009.07.05"]
[Round "3"]
[White "Willemze,T"]
[Black "Kapnisis,S"]
[Result "0-1"]
[WhiteElo "2419"]
[BlackElo "2464"]
[EventDate "2009.07.03"]

1. e4 e5 2. Nf3 Nc6 3. Nc3 Nf6 4. Bb5 Bd6 5. a3 O-O 6. d3 Ne7 7. Bc4 Ng6 8.
h3 c6 9. g4 Bc7 10. g5 Nh5 11. Ba2 Ngf4 12. Ne2 Re8 13. Nxf4 Nxf4 14. Bxf4
exf4 15. Qd2 d5 16. O-O-O dxe4 17. dxe4 Qxd2+ 18. Rxd2 g6 19. Re2 Bf5 20.
Nd2 Rad8 21. f3 Kg7 22. h4 Bb6 23. Bc4 Be6 24. Bd3 h6 25. gxh6+ Kxh6 26.
Nf1 Rh8 27. Rg2 Bd4 28. Nh2 Kg7 29. Ng4 Rh5 30. e5 Rdh8 31. c3 Bxe5 32. Re1
Bc7 33. Nf2 Re5 34. Rh1 Reh5 35. Re1 Rxh4 36. Rxe6 fxe6 37. Rxg6+ Kf7 38.
Ng4 b5 39. a4 a6 40. c4 Rd8 41. Be4 Rd4 42. Nh6+ Ke7 43. cxb5 axb5 44. axb5
cxb5 45. Rg7+ Kd6 46. Nf7+ Kc5 47. Ng5 Rc4+ 48. Kb1 Rh1+ 49. Ka2 Ra4+ 50.
Kb3 Rb4+ 51. Ka2 Be5 0-1

[Event "37th Greek Teams"]
[Site "Kallithea GRE"]
[Date "2009.07.05"]
[Round "3"]
[White "Souleidis,G"]
[Black "Gesos,P"]
[Result "1/2-1/2"]
[WhiteElo "2435"]
[BlackElo "2327"]
[EventDate "2009.07.03"]

1. e4 c5 2. Nf3 Nc6 3. Bb5 e6 4. O-O Nge7 5. Re1 Nd4 6. Bf1 Nec6 7. c3
Nxf3+ 8. Qxf3 Be7 9. b3 O-O 10. Bb2 d5 11. exd5 Qxd5 12. Qg3 Qg5 13. Qe3
Rd8 14. f4 Qh6 15. Na3 e5 16. fxe5 Qxe3+ 17. dxe3 Nxe5 18. Nc4 1/2-1/2

[Event "37th Greek Teams"]
[Site "Kallithea GRE"]
[Date "2009.07.05"]
[Round "3"]
[White "Aggelis,N"]
[Black "Sandalakis,A"]
[Result "1/2-1/2"]
[WhiteElo "2296"]
[BlackElo "2350"]
[EventDate "2009.07.03"]

1. Nf3 d5 2. d4 Nf6 3. c4 e6 4. g3 Be7 5. Bg2 O-O 6. O-O dxc4 7. a4 Bd7 8.
Qc2 Bc6 9. Qxc4 Bd5 10. Qd3 Nc6 11. Nc3 Nb4 12. Qd1 a5 13. Re1 c5 14. e4
Bc6 15. Bg5 1/2-1/2

[Event "37th Greek Teams"]
[Site "Kallithea GRE"]
[Date "2009.07.05"]
[Round "3"]
[White "Khetsuriani,B"]
[Black "Hrisanthopoulos,D"]
[Result "1-0"]
[WhiteElo "2331"]
[BlackElo "2128"]
[EventDate "2009.07.03"]

1. c4 g6 2. Nc3 Bg7 3. g3 d6 4. Bg2 Nf6 5. Nf3 O-O 6. O-O Nbd7 7. d3 c6 8.
Rb1 e5 9. b4 a6 10. Nd2 Ne8 11. Qc2 f5 12. a4 Kh8 13. b5 Qc7 14. Nb3 Nef6
15. Bd2 d5 16. bxc6 bxc6 17. cxd5 cxd5 18. Rfc1 Bb7 19. Qd1 Qd8 20. Na5
Qxa5 21. Rxb7 Rac8 22. Nxd5 Rxc1 23. Qxc1 Qxa4 24. Nxf6 Nxf6 25. Bg5 Qd4
26. Bxf6 1-0

[Event "37th Greek Teams"]
[Site "Kallithea GRE"]
[Date "2009.07.05"]
[Round "3"]
[White "Stefanidi,M1"]
[Black "Petraki,M"]
[Result "1-0"]
[WhiteElo "2120"]
[BlackElo "2030"]
[EventDate "2009.07.03"]

1. e4 c5 2. Nf3 d6 3. d4 cxd4 4. Nxd4 Nf6 5. Nc3 a6 6. g3 e6 7. Bg2 Bd7 8.
O-O Nc6 9. h3 Be7 10. Be3 Rc8 11. Nce2 b5 12. f4 h6 13. Qd2 O-O 14. g4 Nh7
15. Rad1 Qc7 16. c3 Kh8 17. Qe1 Nxd4 18. Nxd4 Rce8 19. Qg3 Bc8 20. h4 g6
21. g5 h5 22. f5 e5 23. Nc2 a5 24. Rd2 Qc4 25. Na3 Qxa2 26. Nxb5 Ba6 27.
Nc7 Bxf1 28. Bxf1 Rb8 29. Nd5 Bd8 30. Qf2 Qb1 31. Rc2 f6 32. fxg6 fxg5 33.
Qe2 Rxf1+ 34. Qxf1 Qxf1+ 35. Kxf1 Nf6 36. Nxf6 Bxf6 37. hxg5 Be7 38. Rh2
Kg7 39. Rxh5 Kxg6 40. Rh6+ Kg7 41. g6 Bf8 42. Rh2 Kxg6 43. Rf2 Be7 44. Bc1
a4 45. Ke2 Bd8 46. Kd3 Ra8 47. Be3 Ba5 48. Rf1 Rb8 49. Kc2 Bb6 50. Bd2 Bc5
51. Ra1 Ra8 52. Kd3 Ra7 53. Kc4 Kh5 54. Kd5 Kg4 55. Bh6 Rb7 56. Ra2 Kf3 57.
Bf8 Ra7 58. Ra1 Kf4 59. Bxd6 Bxd6 60. Kxd6 Kxe4 61. c4 Kd3 62. c5 e4 63. c6
e3 64. c7 Ra8 65. b4 Kc4 66. Rxa4 Rh8 67. Ra1 Kxb4 68. Re1 Rh6+ 69. Kd7
Rh7+ 70. Kc6 Rh8 71. Kb7 Kc5 72. Rxe3 Rh7 73. Kb8 1-0

[Event "37th Greek Teams"]
[Site "Kallithea GRE"]
[Date "2009.07.05"]
[Round "3"]
[White "Makropoulos,I"]
[Black "Hristidis,S"]
[Result "1/2-1/2"]
[WhiteElo "1860"]
[BlackElo "1812"]
[EventDate "2009.07.03"]

1. e4 c5 2. Na3 Nc6 3. Bb5 d6 4. c3 Nf6 5. d3 g6 6. f4 Bg7 7. Nf3 O-O 8.
O-O a6 9. Bxc6 bxc6 10. h3 a5 11. Nh4 Ba6 12. Re1 e5 13. Nf3 Nh5 14. f5 d5
15. g4 dxe4 16. dxe4 Qxd1 17. Rxd1 Be2 18. Re1 Bxf3 19. gxh5 gxf5 20. h6
fxe4 21. hxg7 Kxg7 22. Be3 f5 23. Bxc5 Rf6 24. Kf2 f4 25. Nc4 Re8 26. Nd6
Rxd6 27. Bxd6 Kf6 28. Bc7 a4 29. c4 Kf5 30. Rac1 Bh5 31. Rc3 e3+ 32. Rcxe3
fxe3+ 33. Kxe3 e4 34. Rg1 Bg6 35. h4 Ke6 36. Rg5 Ra8 37. h5 Bf5 38. Kf4 Rf8
39. Ke3 Ra8 40. Bb6 Rb8 1/2-1/2

[Event "37th Greek Teams"]
[Site "Kallithea GRE"]
[Date "2009.07.05"]
[Round "3"]
[White "Drakakis,G"]
[Black "Kourkoulos Arditis,S"]
[Result "0-1"]
[WhiteElo "1784"]
[BlackElo "1857"]
[EventDate "2009.07.03"]

1. e4 c5 2. Nc3 e6 3. g3 g6 4. Bg2 Bg7 5. d3 Nc6 6. Be3 d6 7. Qd2 Rb8 8. f4
Nd4 9. Nf3 Ne7 10. O-O O-O 11. Nd1 b5 12. c3 Nxf3+ 13. Bxf3 b4 14. Nf2 Ba6
15. g4 f5 16. exf5 gxf5 17. Nh3 fxg4 18. Bxg4 Nf5 19. Ng5 Qf6 20. Bxf5 Qxf5
21. Ne4 c4 22. Nxd6 Qg6+ 23. Kh1 bxc3 24. bxc3 Qxd3 25. Qxd3 cxd3 26. Bxa7
Rbd8 27. Bc5 Bxc3 28. Rac1 d2 29. Rxc3 Rxd6 30. Rd1 Be2 31. Bxd6 Bxd1 32.
Rd3 Bf3+ 33. Kg1 d1=Q+ 34. Rxd1 Bxd1 35. Bxf8 Kxf8 36. Kf2 Kf7 37. Ke3 Kf6
38. h3 Kf5 39. a3 h6 40. Kd2 Ba4 41. Ke3 Bc6 42. h4 h5 43. Kd4 Kxf4 44. Kc5
Bh1 0-1

[Event "37th Greek Teams"]
[Site "Kallithea GRE"]
[Date "2009.07.05"]
[Round "3"]
[White "Dimitrov,At"]
[Black "Karapanos,N"]
[Result "1-0"]
[WhiteElo "2345"]
[BlackElo "2208"]
[EventDate "2009.07.03"]

1. d4 Nf6 2. Nf3 g6 3. c4 Bg7 4. Nc3 O-O 5. e4 d6 6. Be2 e5 7. O-O Nc6 8.
d5 Ne7 9. a4 a5 10. Kh1 Ne8 11. g3 h6 12. Bd2 Kh7 13. Ra3 c6 14. Rb3 Nc7
15. Ne1 Na6 16. Nd3 f5 17. f3 Ng8 18. Be3 c5 19. f4 exf4 20. Nxf4 Nb4 21.
Ne6 Qe7 22. Nxf8+ Bxf8 23. Nb5 Nf6 24. e5 Qxe5 25. Bf4 Qe4+ 26. Kg1 Ra6 27.
Re3 Qc2 28. Nc7 Rb6 29. Na8 Ra6 30. Nc7 Rb6 31. Ne6 Bxe6 32. Rxe6 Qxb2 33.
Be5 dxe5 34. Rxb6 e4 35. Qa1 Qxe2 36. Qxf6 Qe3+ 37. Kh1 1-0

[Event "37th Greek Teams"]
[Site "Kallithea GRE"]
[Date "2009.07.05"]
[Round "3"]
[White "Tzolas,G"]
[Black "Markidis,K"]
[Result "0-1"]
[WhiteElo "2139"]
[BlackElo "2334"]
[EventDate "2009.07.03"]

1. d4 Nf6 2. Nf3 g6 3. Bg5 Bg7 4. Nbd2 O-O 5. e4 d6 6. c3 c5 7. dxc5 dxc5
8. Qc2 Nc6 9. Be2 Qc7 10. O-O h6 11. Bh4 Nh5 12. Rfe1 Bd7 13. Rad1 g5 14.
Bg3 Nxg3 15. hxg3 Rad8 16. Nc4 b5 17. Ne3 Qa5 18. Nd2 c4 19. a3 Qb6 20.
Ndf1 e6 21. Rd2 Na5 22. Red1 Qc7 23. Re1 Nb3 24. Rdd1 Nc5 25. Nd2 Bc6 26.
Rf1 Qb7 27. Bf3 Rd3 28. Be2 Rd7 29. f3 Qb6 30. Ndxc4 bxc4 31. Nxc4 Qc7 32.
Rxd7 Bxd7 33. f4 Ba4 34. Qb1 Qc6 35. e5 Qe4 36. Qxe4 Nxe4 37. Kh2 Rd8 38.
Re1 Bf8 39. Bf3 Nd2 40. Ne3 Nxf3+ 41. gxf3 Rd2+ 42. Kh3 Rxb2 43. Ng4 Bg7
44. Re4 Bc6 0-1

[Event "37th Greek Teams"]
[Site "Kallithea GRE"]
[Date "2009.07.05"]
[Round "3"]
[White "Kolomvas,D"]
[Black "Dorfanis,I"]
[Result "0-1"]
[WhiteElo "1880"]
[BlackElo "2194"]
[EventDate "2009.07.03"]

1. Nf3 c5 2. g3 Nc6 3. c4 g6 4. Nc3 Bg7 5. Bg2 Nf6 6. O-O O-O 7. d4 cxd4 8.
Nxd4 Ng4 9. Nc2 d6 10. e3 Nge5 11. Qe2 Bg4 12. f3 Be6 13. Nd5 Rc8 14. Rd1
Nxc4 15. Qxc4 Nd4 16. Qxc8 Nxf3+ 17. Bxf3 Bxc8 18. Nd4 a6 19. a4 e6 20. Nc3
h5 21. Bd2 h4 22. Be1 hxg3 23. hxg3 Be5 24. Bf2 Kg7 25. Rac1 Kh8 26. Ne4
Bd7 27. Bg2 Qb8 28. b3 Rc8 29. Bf1 Rxc1 30. Rxc1 Bxd4 31. exd4 Bc6 32. Bg2
Bd5 33. b4 Qd8 34. a5 b6 35. axb6 Qxb6 36. Ra1 Qc6 37. Ra2 Qc1+ 38. Kh2
Bxa2 0-1

[Event "37th Greek Teams"]
[Site "Kallithea GRE"]
[Date "2009.07.05"]
[Round "3"]
[White "Fakhiridou,E"]
[Black "Polizou,H"]
[Result "1-0"]
[WhiteElo "2277"]
[BlackElo "1947"]
[EventDate "2009.07.03"]

1. e4 c5 2. Nc3 d6 3. f4 e6 4. Nf3 Nf6 5. g3 Nc6 6. Bg2 a6 7. O-O Be7 8. d3
O-O 9. h3 Re8 10. g4 g6 11. Ne2 Nd7 12. Ng3 e5 13. f5 g5 14. c3 b5 15. Nh5
h6 16. h4 Nb6 17. hxg5 hxg5 18. Nh2 f6 19. Bxg5 fxg5 20. f6 Bxf6 21. Nxf6+
Kg7 22. Qd2 Rh8 23. Qxg5+ Kf7 24. Nd5+ 1-0

[Event "37th Greek Teams"]
[Site "Kallithea GRE"]
[Date "2009.07.05"]
[Round "3"]
[White "Havlikova,K"]
[Black "Krumova,A"]
[Result "1-0"]
[WhiteElo "2161"]
[BlackElo "1904"]
[EventDate "2009.07.03"]

1. e4 Nf6 2. e5 Nd5 3. d4 d6 4. c4 Nb6 5. exd6 cxd6 6. Nc3 g6 7. Be3 Bg7 8.
Rc1 O-O 9. Nf3 Nc6 10. b3 e5 11. dxe5 dxe5 12. c5 Nd7 13. Be2 Qa5 14. O-O
Rd8 15. Nd5 e4 16. Nd4 Nde5 17. b4 Qxa2 18. Nxc6 Nxc6 19. Bc4 Qb2 20. b5
Be6 21. bxc6 bxc6 22. Ne7+ Kf8 23. Qa4 Kxe7 24. Bxe6 fxe6 25. Qxc6 Rab8 26.
Qxe4 Rb4 27. Qc6 Be5 28. Rfe1 Rd5 29. f4 Bd4 30. Bxd4 Qxd4+ 31. Kh1 Kf7 32.
Qxe6+ Kg7 33. Qe7+ Kh6 34. Qf8+ Qg7 35. Qxg7+ Kxg7 36. c6 Rb8 37. Re7+ Kf6
38. Rxa7 Rc5 39. Rca1 Rxc6 40. Rxh7 Ra8 41. Rf1 Ra2 42. Rh3 Kf5 43. Kg1
Rcc2 44. Rg3 Rd2 45. h3 Rac2 46. Rg5+ Kf6 47. Rb1 Rc6 48. Kh2 Rf2 49. Rg4
Rd6 50. Kg3 Rc2 51. Rb3 Ra2 52. Rg5 Rc2 53. h4 Rdd2 54. Rb6+ Kf7 55. Kh3
Rd3+ 56. g3 Rf2 57. Rg4 g5 58. fxg5 Rff3 59. g6+ Kg7 60. Rb7+ Kg8 61. g7
Rd8 62. h5 Rf6 63. Kh4 Rc6 64. Rf4 Rh6 65. g4 Rc6 66. Kg5 Ra6 67. Rf6 Ra5+
68. Kg6 Ra4 69. g5 Rg4 70. h6 1-0

[Event "37th Greek Teams"]
[Site "Kallithea GRE"]
[Date "2009.07.05"]
[Round "3"]
[White "Kourousis,E"]
[Black "Sourgkounis,A"]
[Result "1-0"]
[WhiteElo "2237"]
[BlackElo "1907"]
[EventDate "2009.07.03"]

1. d4 d5 2. c4 Nc6 3. cxd5 Qxd5 4. e3 e5 5. Nc3 Bb4 6. a3 Bxc3+ 7. bxc3 Nf6
8. Nf3 Bg4 9. h3 Bh5 10. Be2 O-O 11. O-O Rad8 12. Rb1 Ne4 13. Qc2 exd4 14.
cxd4 Nd6 15. a4 b6 16. Ba3 Bg6 17. Qb3 Qxb3 18. Rxb3 Rfe8 19. Rc3 Be4 20.
Rfc1 f6 21. Rxc6 Bxc6 22. Rxc6 Rd7 23. Bxd6 cxd6 24. d5 Re4 25. Nd4 Re5 26.
Bg4 Rd8 27. Ne6 Re8 28. Rxd6 f5 29. Bf3 1-0